Sortimentová matica ako nástroj tvorby efektívneho sortimentu

Manažment kategórií ako súčasť ECR (Efficient consumer response). Charakteristika manažmentu kategórií podľa AC Nielsenu. Sortimentová matica. Potreba dát podľa ECR. Rozhodovací strom zákazníka. Finalizácia sortimentu podľa ECR. Návrh sortimentovej matice. Proces tvorby sortimentu zhrnutý do 14 bodo...

ver descrição completa

Na minha lista:
Detalhes bibliográficos
Autor principal: Stachová, Lucia
Formato: Capítulo de Livro
Idioma:eslovaco
Assuntos:
Tags: Adicionar Tag
Sem tags, seja o primeiro a adicionar uma tag!

MARC

LEADER 00000naa$a2200000$$$4500
001 0225322
005 20240502073708.2
041 0 |a slo 
044 |a SK 
245 1 0 |a Sortimentová matica ako nástroj tvorby efektívneho sortimentu  |c Lucia Stachová 
520 |a Manažment kategórií ako súčasť ECR (Efficient consumer response). Charakteristika manažmentu kategórií podľa AC Nielsenu. Sortimentová matica. Potreba dát podľa ECR. Rozhodovací strom zákazníka. Finalizácia sortimentu podľa ECR. Návrh sortimentovej matice. Proces tvorby sortimentu zhrnutý do 14 bodov. 
610 2 0 |a tovar 
610 2 0 |a produkty 
610 2 0 |a sortiment tovaru 
610 2 0 |a matice 
610 2 0 |a obchod 
610 2 0 |a maloobchod 
100 1 |a Stachová, Lucia